Pelicans rosteri 24-25 - Statistics

Yleistilastot
  • Tätä visaa on pelattu 19 kertaa
  • Keskiarvotulos 21 / 36
Vastaustilastot
Hint Vastaus % Oikein
MV #32 Patrik Bartosak
92%
MV #70 Jasper Patrikainen
85%
OP #87 Daniel Nieminen
77%
MV #70 Jasper Lattu
77%
VP #47 Michal Jordan
77%
VL #2 Lars Bryggman
69%
MV #30 Olof Lindbom
69%
OP #44 Onni Käyhkö
69%
OL #19 Ryan Lasch
69%
OL #89 Antti Tyrväinen
62%
KH #91 Elias Vilen
62%
VP #78 Hampus Falk
62%
VL #3 Iikka Kangasniemi
62%
KH #62 Jonas Enlund
62%
KH #6 Joona Kumpula
62%
VL #71 Leevi Tukiainen
62%
OL #92 Niklas Virtanen
62%
KH #72 Patrik Carlsson
62%
KH #9 Adam Bares
54%
KH #92 Josh Lawrence
54%
KH #29 Miro Väänänen
54%
MV #41 Niklas Nikkilä
54%
OP #55 Petteri Riihinen
54%
OP #7 Wyatt Kalynuk
54%
MV #41 Frantisek Poletin
46%
VP #4 Johannes Johannesen
46%
KH #20 Konsta Hirvonen
46%
OL #16 Lubos Horky
46%
VL #18 Miika Roine
46%
KH #68 Rasmus Kumpulainen
46%
OL #88 Tim Lindfors
46%
VL #15 Tomas Poletin
46%
VP #5 Jimi Junkkari
38%
VP #51 Michael Vukojevic
38%
VL #92 Aaro Chrons
23%
VP #64 Onni Amhamdi
23%
Ehtoja vastaavia visoja ei löytynyt
Tulosjakauma
Jokaisen tuloksen saaneiden osuus
Persentiili vastausten määrän mukaan
Tuloshistoriasi
Et ole pelannut tätä visaa